000 00615nam a22002297a 4500
003 UA-OsUOA
001 62622
007 ta
008 20090908b un ||||| |||| 00| 0 ukr d
090 _a94(477)
_bК53
942 _cBK
040 _aUA-OsUOA
_bukr
_cUA-OsUOA
_dUA-OsUOA
245 _aКнига для читання з історії Української РСР
_cГуржій І. О.
300 _a422 с.
955 _a2
041 _aukr
080 _a94(477)
260 _aК.
_c1968
246 3 1 _a3
_n
650 7 _a9 Географія. Біографії. Історія
_2UDC
999 _c348708
_d348708